[Event "NED-ch U16"]
[Site "Almelo"]
[Date "2023.05.06"]
[Round "7"]
[White "Ponomarev, Ivan1"]
[Black "Knippenberg, Hidde"]
[Result "0-1"]
[WhiteElo "1788"]
[BlackElo "1728"]
[PlyCount "126"]
[EventDate "2023.04.30"]
[EventType "swiss"]
[EventRounds "7"]
[EventCountry "NED"]
[SourceTitle "CBM 214 Extra"]
[Source "ChessBase"]
[SourceDate "2023.07.31"]
[SourceVersion "1"]
[SourceVersionDate "2023.07.31"]
[SourceQuality "1"]

1. c4 d6 2. g3 g6 3. Bg2 Bg7 4. Nc3 Nf6 5. d4 Nbd7 6. e4 0-0 7. Nf3 e5 8. d5 Nc5 9. Qc2 a5 10. Be3 Nfd7 11. 0-0 f5 12. Rab1 f4 13. gxf4 exf4 14. Bd4 Bxd4 15. Nxd4 Ne5 16. Nf3 Nxc4 17. Na4 Nxa4 18. Qxa4 Nb6 19. Qd4 Nd7 20. Rfe1 g5 21. h3 h5 22. e5 dxe5 23. Nxe5 Nxe5 24. Rxe5 Qf6 25. Rbe1 Bf5 26. Qc5 Rf7 27. Qb5 Qb6 28. Qe2 Qg6 29. Be4 Raf8 30. f3 Qg7 31. Bxf5 Rxf5 32. Rxf5 Rxf5 33. Qe8+ Rf8 34. Qxh5 c6 35. dxc6 bxc6 36. Rd1 Qxb2 37. Qxg5+ Qg7 38. Qxg7+ Kxg7 39. Rd7+ Kg6 40. Ra7 Rf5 41. Ra6 Rc5 42. a4 Kg5 43. Ra8 Kh4 44. Kf2 Rc2+ 45. Ke1 Kxh3 46. Rxa5 Kg3 47. Kd1 Ra2 48. Rc5 Rxa4 49. Rxc6 Kxf3 50. Ke1 Ra1+ 51. Kd2 Ra3 52. Rf6 Re3 53. Rf8 Re4 54. Kd3 Ra4 55. Rf7 Kf2 56. Rf8 Ra3+ 57. Ke4 Re3+ 58. Kd4 f3 59. Rg8 Ke2 60. Ra8 f2 61. Ra2+ Kf3 62. Ra8 Re4+ 63. Kd5 f1Q 0-1

[Event "NED-ch U16"]
[Site "Almelo"]
[Date "2023.05.03"]
[Round "4"]
[White "Ritzerveld, Noah"]
[Black "Knippenberg, Hidde"]
[Result "1/2-1/2"]
[WhiteElo "1776"]
[BlackElo "1728"]
[PlyCount "109"]
[EventDate "2023.04.30"]
[EventType "swiss"]
[EventRounds "7"]
[EventCountry "NED"]
[SourceTitle "CBM 214 Extra"]
[Source "ChessBase"]
[SourceDate "2023.07.31"]
[SourceVersion "1"]
[SourceVersionDate "2023.07.31"]
[SourceQuality "1"]

1. e4 c5 2. Nf3 g6 3. d4 cxd4 4. Nxd4 Nc6 5. c4 Nf6 6. Nc3 d6 7. Be2 Nxd4 8. Qxd4 Bg7 9. Be3 0-0 10. Qd2 Be6 11. 0-0 Rc8 12. b3 b6 13. Rac1 a5 14. f4 Rb8 15. Qe1 Qc8 16. Qf2 Qb7 17. Bf3 Ng4 18. Bxg4 Bxg4 19. Nd5 Be6 20. Rfd1 Bxd5 21. Rxd5 Qc6 22. Qd2 Rfc8 23. h3 a4 24. e5 dxe5 25. fxe5 axb3 26. axb3 b5 27. cxb5 Qxc1+ 28. Qxc1 Rxc1+ 29. Bxc1 e6 30. Rd7 Bxe5 31. Bh6 Bg7 32. Be3 Be5 33. b6 h5 34. b7 Re8 35. Ba7 Kg7 36. b4 Bb8 37. Be3 e5 38. b5 e4 39. b6 Be5 40. Rc7 Rb8 41. Kf1 Kf6 42. Ke2 Ke6 43. Kf2 f6 44. h4 Kf5 45. Rg7 Bd6 46. g3 Be5 47. Bc5 Rd8 48. Rc7 Rb8 49. Kg2 g5 50. hxg5 Kxg5 51. Be3+ Kg6 52. Kh3 Kf5 53. Bf2 Kg5 54. Be3+ Kg6 55. Kg2 1/2-1/2